000 01088nam a22002537a 4500
999 _c158307
_d158307
005 20181024172336.0
008 181024b ||||| |||| 00| 0 eng d
010 _a
020 _c100.00
035 _aA-730362
037 _bDBAD / PUB
040 _aDPL
_bHN
082 _a808.88
100 _aशिवप्रसाद सिंह
_940712
245 _aमेरे साक्षात्कार /
_cशिवप्रसाद सिंह
246 _aMere Saakshaatkaara
_b
260 _aदिल्ली
_bकिताबघर प्रकाशन
_c1995
270 _a24, अंसारी रोड़, दरियागंज
_bदिल्ली
_e110002
300 _a192पृ
_c22सेमी (सजिल्द)
490 _aमेरे साक्षात्कार सीरिज
650 _aहिन्दी साहित्य
_xइतिहास एवं समालोचना
_940714
650 _aHindi literature
_xHistory and criticism
_940715
942 _2ddc
_cHN
_mशिवप्र
_h808.88